00373nam a2200145Ia 4500008004100000020001500041082001600056100001600072245004100088250000800129260004000137300001300177500002500190650001200215230524s9999 xx 000 0 und d a8173714940 a537.32bRAY aDilip K Roy 0a"Physics of Semiconductor Devices ," a2ND aNEW DELHIbUniversities Pressc2008 aVIII;405 aQuantity Number: 14 aPhysics